000 00714nam a22002177a 4500
999 _c186212
_d186212
005 20220217095045.0
010 _aENG-131643
020 _a9788194119784
_c299.00
035 _aEN-115175
037 _bDBAD
082 _a428.34
100 _aSambaiah, M.
245 _aCommunicative English-I:
_bCommon to All Branches for B.tech First Year/
_cM. Sambaiah et.al.
260 _aHyderabad
_bAmaravati Publications
_c2020
270 _a# 326/C, III Floor, Surneni Nilayam Near B K Guda Park, S R Nagar
_bHyderabad
_e500038
300 _axvi, 416p.
_c24cm(pbk)
700 _aReddy, K. Suneetah
700 _aKumar, K. Vinay
700 _aReddy, K. Janardhan
942 _2ddc
_cEN
_h428.34
_mSAM